Statistics for Reverse Dictionary #56

Click here to take the quiz!

General Stats

  • This quiz has been taken 20 times
  • The average score is 16 of 25

Answer Stats

DefinitionFirst
Letter
Word% Correct
The part of an upper garment (shirt, jacket, etc.) that fits around the neck and throat, especially if sewn from a separate piece of fabric.CCollar
94%
Untamed; not domesticated; specifically, in an unbroken line of undomesticated animals (as opposed to feral, referring to undomesticated animals whose ancestors were domesticated).WWild
94%
Man-made; made by humans; of artifice.AArtificial
89%
A dairy product made from curdled or cultured milk.CCheese
89%
The surface of the Earth, as opposed to the sky or water or underground.GGround
89%
To leave; to set out on a journey.DDepart
83%
To repeatedly bend one of one's joints.FFlex
83%
A specific version, edition, translation, or copy of the Christian religious text.BBible
78%
An opening in anything made by breaking or parting.GGap
78%
(nautical) A piece of fabric attached to a boat and arranged such that it causes the wind to drive the boat along.SSail
78%
A process by which a task is completed; a way of doing something.MMethod
72%
Showing signs of stress or strain; not relaxed.TTense
72%
To take a temporary rest, take a break for a short period after an effort.PPause
67%
To be successful; to succeed; to be fortunate; to thrive; to make gain.PProsper
67%
A mark or impression left by the foot, either of man or animal.TTrack
67%
A mental or emotional state, composure.MMood
56%
(of time) To pass or move by.EElapse
50%
Of food, to become bad, sour or rancid; to decay.SSpoil
50%
Marked or accompanied by or resulting in bad luck.UUnfortunate
50%
Suited or acceptable to the purpose or circumstances; fit, suitable.PProper
39%
The initial portion of some extended thing.BBeginning
33%
To mark (a point on a graph, chart, etc).PPlot
33%
Doubt; the condition of being without conviction.UUncertainty
28%
Characterized by simplicity, especially something not carefully or expertly made.CCrude
22%
Entire engrossment or occupation of the mind.AAbsorption
6%

Score Distribution

Percentile by Number Answered

Percent of People with Each Score

Your Score History

You have not taken this quiz